Detalles MARC
| 000 -LEADER |
| fixed length control field |
02950nam a2200433Ii 4500 |
| 001 - CONTROL NUMBER |
| control field |
DIGSCR00138 |
| 003 - CONTROL NUMBER IDENTIFIER |
| control field |
NyNyDIG |
| 006 - FIXED-LENGTH DATA ELEMENTS--ADDITIONAL MATERIAL CHARACTERISTICS |
| fixed length control field |
m o d |
| 007 - PHYSICAL DESCRIPTION FIXED FIELD--GENERAL INFORMATION |
| fixed length control field |
cr ||||||||||| |
| 008 - FIXED-LENGTH DATA ELEMENTS--GENERAL INFORMATION |
| fixed length control field |
111001s1986 mdu ob 001 0 spa d |
| 020 ## - INTERNATIONAL STANDARD BOOK NUMBER |
| Canceled/invalid ISBN |
0916379280 |
| 035 ## - SYSTEM CONTROL NUMBER |
| System control number |
(OCoLC)682038742 |
| 040 ## - CATALOGING SOURCE |
| Original cataloging agency |
DGITA |
| Language of cataloging |
eng |
| Description conventions |
pn |
| Transcribing agency |
DGITA |
| 050 14 - LIBRARY OF CONGRESS CALL NUMBER |
| Classification number |
PQ6398.G4 eBook |
| 100 1# - MAIN ENTRY--PERSONAL NAME |
| Personal name |
Checa Cremades, Jorge. |
| 245 10 - TITLE STATEMENT |
| Title |
Gracián y la imaginación arquitectónica : |
| Remainder of title |
espacio y alegoría de la edad media al barroco / |
| Statement of responsibility, etc. |
Jorge Checa. |
| 264 #1 - PRODUCTION, PUBLICATION, DISTRIBUTION, MANUFACTURE, AND COPYRIGHT NOTICE |
| Place of production, publication, distribution, manufacture |
Potomac, Md., U.S.A. : |
| Name of producer, publisher, distributor, manufacturer |
Scripta Humanistica, |
| Date of production, publication, distribution, manufacture, or copyright notice |
1986. |
| 300 ## - PHYSICAL DESCRIPTION |
| Extent |
1 online resource (146 pages) |
| 336 ## - CONTENT TYPE |
| Content type term |
text |
| Content type code |
txt |
| Source |
rdacontent |
| 337 ## - MEDIA TYPE |
| Media type term |
computer |
| Media type code |
c |
| Source |
rdamedia |
| 338 ## - CARRIER TYPE |
| Carrier type term |
online resource |
| Carrier type code |
cr |
| Source |
rdacarrier |
| 490 1# - SERIES STATEMENT |
| Series statement |
Scripta humanistica ; |
| Volume/sequential designation |
23. |
| 500 ## - GENERAL NOTE |
| General note |
Abridgement of thesis (Ph. D.)--Princeton University, 1984 |
| 504 ## - BIBLIOGRAPHY, ETC. NOTE |
| Bibliography, etc. note |
Includes bibliographical references and index. |
| 505 0# - FORMATTED CONTENTS NOTE |
| Formatted contents note |
Parte 1: La arquitectura visionaria en la literatura alegórica de la edad media castellana -- Introducción -- La alegoría arquitectónica como medio de formalización del conocimiento y como imagen del orden -- La Visión delectable de Alfonso de la Torre -- El Laberinto de Fortuna de Juan de Mena -- El espacio visionario como lugar de la revelación -- El viaje visionario en el Infierno de los enamorados y en el Triunfo del Marqués -- Jardines. La imagen del hortus conclusus en el Dezir a las syete virtudes -- La Divina Comedia. Recapitulación y conclusiones. Parte 2: La imaginería arquitectónica en dos géneros literarios de los siglos xvi y xvii - Introducción -- Poesía épica -- Orlando furioso -- Gerusalemme liberata -- The Faerie Queene -- Anatomía satírica -- El espacio en la anatomía lucianesca del siglo XVII. -- La imagen del infierno en Quevedo -- La República literaria. Parte 3: La imaginería arquitectónica en el Criticón de Gracián -- Introducción -- Funciones del espacio arquitectónico en El Criticón -- La peregrinación de la vida -- El mundo como teatro -- El laberinto de la existencia -- La imaginería arquitectónica del Criticón: técnicas y principios de representación alegórica. |
| 600 10 - SUBJECT ADDED ENTRY--PERSONAL NAME |
| Personal name |
Gracián y Morales, Baltasar, |
| Dates associated with a name |
1601-1658 |
| General subdivision |
Criticism and interpretation. |
| 600 10 - SUBJECT ADDED ENTRY--PERSONAL NAME |
| Personal name |
Gracián y Morales, Baltasar, |
| Dates associated with a name |
1601-1658 |
| General subdivision |
Symbolism |
| 650 #0 - SUBJECT ADDED ENTRY--TOPICAL TERM |
| Topical term or geographic name entry element |
Space and time in literature |
| 650 #0 - SUBJECT ADDED ENTRY--TOPICAL TERM |
| Topical term or geographic name entry element |
Spanish literature |
| Chronological subdivision |
To 1500 |
| General subdivision |
History and criticism |
| 650 #0 - SUBJECT ADDED ENTRY--TOPICAL TERM |
| Topical term or geographic name entry element |
Spanish literature |
| Chronological subdivision |
Classical period, 1500-1700 |
| General subdivision |
History and criticism |
| 650 #0 - SUBJECT ADDED ENTRY--TOPICAL TERM |
| Topical term or geographic name entry element |
Epic poetry, European |
| General subdivision |
History and criticism |
| 655 #0 - INDEX TERM--GENRE/FORM |
| Genre/form data or focus term |
Electronic books. |
| 791 2# - |
| -- |
Digitalia (Firm), |
| -- |
distributor. |
| 793 0# - |
| -- |
Digitalia eBook Collection: |
| -- |
Scripta Humanistica. |
| 830 #0 - SERIES ADDED ENTRY--UNIFORM TITLE |
| Uniform title |
Scripta Humanistica (Series) ; |
| Volume/sequential designation |
23. |
| 856 40 - ELECTRONIC LOCATION AND ACCESS |
| Materials specified |
Digitalia Hispánica |
| Uniform Resource Identifier |
<a href="https://www.digitaliapublishing.com/a/206/">https://www.digitaliapublishing.com/a/206/</a> |
| 910 ## - USER-OPTION DATA (OCLC) |
| User-option data |
Premium Collection: 2007-2012 |
| 942 ## - ADDED ENTRY ELEMENTS (KOHA) |
| Koha item type |
Recurso Electrónico |